Instructor's manual for the heath guide to literature

שמור ב:
מידע ביבליוגרפי
פורמט: ספר
שפה:Undetermined
יצא לאור: Lexington D.C. Heath and Co
נושאים:
תגים: הוספת תג
אין תגיות, היה/י הראשונ/ה לתייג את הרשומה!
Thư viện lưu trữ: Trung tâm Học liệu Trường Đại học Cần Thơ
LEADER 00458nam a2200145Ia 4500
001 CTU_12743
008 210402s9999 xx 000 0 und d
082 |a 808.02 
082 |b H438 
245 0 |a Instructor's manual for the heath guide to literature 
260 |a Lexington 
260 |b D.C. Heath and Co 
650 |a english literature - collections 
904 |i Nguyễn Quang Điền, 961118 
980 |a Trung tâm Học liệu Trường Đại học Cần Thơ